000 00244nam a2200121Ia 4500
100 _a#N/A
650 _aELECTRONICS
942 _cBK
654 _aANALOG
245 _aAnalog and digital Signal Processing
260 _b#N/A
546 _aENGLISH
999 _c20944
_d20944